Footballer by Pictures #1 - Statistics

General Stats
  • This quiz has been taken 393 times
  • The average score is 10 of 16
Answer Stats
Picture Answer % Correct
Erling Braut Haaland
99%
Jude Bellingham
97%
Theo Hernández
85%
Victor Osimhen
75%
Ansu Fati
69%
Randal Kolo Muani
67%
Rodrigo de Paul
66%
Mychajlo Mudryk
65%
Adama Traoré
64%
Presnel Kimpembe
64%
Niclas Füllkrug
49%
Anderson Talisca
48%
Ante Rebić
47%
Lukáš Hrádecký
39%
Kevin Trapp
37%
Lukas Nmecha
25%
No matching quizzes found
Score Distribution
Percent of People with Each Score
Percentile by Number Answered
Your Score History
You have not taken this quiz